000 00524nam a2200181Ia 4500
005 20250508154537.0
008 008 250505s9999 xx 000 0 eng d
037 _aReference
040 _aFEDL
_beng
_cFEDL
041 _aeng
_2eng
084 _a379.111, RAM
_qFEDL
100 _aRamanathan G
_9240524
245 0 _aEducational planning and national integration
260 _aBombay, India
_bAsia Publishing House
_c1965
300 _axi,252p
942 _cREF
_h379.111, RAM
999 _c1350827
_d1350827